00504 2200181 4500245011300000020002200113250001100135100002100146700001400167650001100181650001400192005001900206260003800225041001400263084001000277300002600287336000900313 aKumpulan Hikmah yang Berserak dari Bumi Gaza , Palestina (Sebuah Catatan Perjalanan)cNurjanah HulwanihText a987-602-9013-09-2 aCet. 1 aNurjanah Hulwani aSuhartono aHikmah aPalestina a20230210135158 aJakartabPustaka Da\'watunac2013 aIndonesia a297.5 aiv, 96 hlm. :c21 cm. atext